Países com Mais Ciclones Tropicais - Statistics

Estatísticas Gerais
  • Esse quiz foi jogado 3 456 vezes
  • A pontuação média é 6 de 10
Estatísticas das Respostas
Ranking País % Correto
5 Estados Unidos
98%
4 México
87%
3 Japão
86%
1 China
79%
6 Austrália
69%
10 Cuba
61%
2 Filipinas
60%
8 Vietnã
39%
7 Taiwan
38%
9 Madagascar
17%
Nenhum quiz correspondente encontrado
Distribuição das Pontuações
Porcentagem de Pessoas com Cada Pontuação
Percentil de Números Respondidos
Sua Pontuação Histórica
Você não jogou esse quiz